000 00371nam a2200133Ia 4500
008 220217s9999||||xx |||||||||||||| ||und||
020 _a0-7506-6218-2
082 _a658.562 WIL
100 _aWilson, Graham
_96070
245 0 _aSix sigma and the product development
260 _aElsevier Academic press
_bAmsterdam
_c2005
300 _b1350
650 _aMANAGEMENT
999 _c177406
_d177406